Başörtülü yoksul kadınların ötekileri/ (Record no. 14583)

MARC details
000 -BAŞLIK
Sabit Uzunlukta Kontrol Alanı 00801nam a2200241 4500
999 ## - SİSTEM KONTROL NUMARALARI (KOHA)
Koha Biblionumber 14583
Koha Biblioitemnumber 14583
003 - KONTROL NUMARASI IDENTIFIER
Denetim Alanı MIRAKIL
005 - SON İŞLEM TARİHİ VE ZAMANI
Denetim Alanı 20211102141903.0
008 - SABİT-BOY VERİ ELEMANLARI - GENEL BİLGİLER
Sabit Uzunlukta Kontrol Alanı 211102b tu ||||| |||| 00| 0 tur d
020 ## - ULUSLARARASI STANDART KİTAP NUMARASI
Uluslararası Standart Kitap Numarası 9786053995661
040 ## - KATALOGLAMA KAYNAK
Orijinal Kataloglama Ajansı TR-AnCHP
Metne Dönüştürmek Ajansı TR-AnCHP
041 ## - DİL KODU
Metin / Ses Parça Veya Ayrı Başlığın Dil Kodu Tur
082 ## - DEWEY ONLU SINIFLANDIRMA NUMARASI
Sınıflandırma Numarası 305.4
Ürün Numarası A13b 2021
100 ## - ANA GİRİŞ - KİŞİSEL İSİM
Kişisel Ad Açer, Tuba Metin
245 10 - BAŞLIK TABLOSU
Başlık Başörtülü yoksul kadınların ötekileri/
Sorumluluk Tablosu, Vb Tuba Metin Açer
260 ## - YAYIN, DAĞITIM, VB
Yayın, Dağıtım, Vb Yeri İstanbul:
Yayıncı, Dağıtıcı, Vs Adı İstanbul Bilgi Üniversitesi Yayınları,
Yayın, Dağıtım, Vb Tarihi 2021.
300 ## - FİZİKSEL TANIM
Kapsam 205 s.:
Diğer Fiziksel Ayrıntıları tbl.;
Boyutlar 23 sm.
490 0# - SERİSİ TABLOSU
Seri Beyanı İstanbul Bilgi Üniversitesi Yayınları;
-- Sosyoloji;
Hacim / Ardışık Tanımı 659.
-- 29.
504 ## - KAYNAKÇA VB NOT
Kaynakça Vb Notu Kaynakça ve dizin vardır.
650 #0 - KONU KATMA GİRİŞ - TOPİKAL DÖNEM
9 (RLIN) 569
Topikal Süreli Veya Coğrafi Ad Giriş Elemanı Kadınlar
Genel Alt Bölümü Türkiye
-- Kimlik
650 #0 - KONU KATMA GİRİŞ - TOPİKAL DÖNEM
9 (RLIN) 569
Topikal Süreli Veya Coğrafi Ad Giriş Elemanı Kadınlar
Genel Alt Bölümü Sosyal durumlar
650 #0 - KONU KATMA GİRİŞ - TOPİKAL DÖNEM
9 (RLIN) 5686
Topikal Süreli Veya Coğrafi Ad Giriş Elemanı Grup kimliği
Genel Alt Bölümü Türkiye
942 ## - EKLENDİ GİRİŞ ELEMANLARI (KOHA)
Sınıflandırma Veya Raf Düzeni Kaynak Dewey Decimal Classification
Koha Öğesi Türü Books
Holdings
Kalıcı Konum Mevcut Konum Edinme Tarihi Toplam Check-Out'Lar Tam Çağrı Numarası Barkod Tarih Son Görülme İtibaren Geçerli Fiyatlar Sigara Kamu Notu Koha Öğesi Türü
CHP Kütüphanesi CHP Kütüphanesi 11/02/2021   305.4 A13b 2021 020078 11/02/2021 11/02/2021 Kemal Kılıçdaroğlu bağışıdır. Books